K ustáleným spojením v současné německé písemné obchodní komunikaci

Obchodná komunikácia ako dôležitá súčasť profesijného a súkromného života. Ustálené spojenia a idiomy charakteristické pre nemeckú obchodnú korešpondenciu a ich použitie v odbornej komunikácii.

Guardado en:
Detalles Bibliográficos
Autor principal: Vedralová, Helena
Formato: Capítulo de libro
Lenguaje:checo
Materias:
Etiquetas: Agregar Etiqueta
Sin Etiquetas, Sea el primero en etiquetar este registro!

MARC

LEADER 00000naa a2200000 4500
001 0240686
005 20180227123043.0
041 0 |a cze 
044 |a SK 
245 1 0 |a K ustáleným spojením v současné německé písemné obchodní komunikaci  |c Helena Vedralová 
520 |a Obchodná komunikácia ako dôležitá súčasť profesijného a súkromného života. Ustálené spojenia a idiomy charakteristické pre nemeckú obchodnú korešpondenciu a ich použitie v odbornej komunikácii. 
610 2 0 |a komunikácia obchodná 
610 2 0 |a nemčina 
610 2 0 |a korešpondencia 
610 2 0 |a frazeológia 
100 1 |a Vedralová, Helena